000 01606nam a2200385 i 4500
003 DO-SdBNP
005 20240430144049.0
007 ta
008 240430b2019 dr a|||| |||| 00| 0 spa d
020 _a9789945177619 (v.1)
020 _a9789945177671 (v.2)
040 _aDO-SdBNP
_bspa
_cBNPHU
_erda
082 4 _222
245 0 0 _aCiencias de la Naturaleza 3 :
_bdel proyecto editorial de educación primaria /
_ccolaboración, Alberto Navarro, Sergio López, Alberto García, Alicia Soria, Eduardo Rodríguez ; edición, Enmanuel Francisco Alcátara ; corrección, Enmanuel Peña Ortiz ; ilustraciones, Juan Pablo Feliz, Wi-Hen Fung, Luis Doyague, Ángel Ovejero.
264 4 _aSanto Domingo :
_bS M,
_c2019.
300 _avolumenes :
_bIlustraciones ;
_c27 cm.
336 _2rdacontent
_atexto
_btxt
337 _2rdamedia
_asin mediación
_bn
338 _2rdacarrier
_avolumen
_bnc
490 _aSavia
590 _aInventariado 2024/BT
700 1 _aNavarro, Alberto,
_ecolaboración
_985304
700 1 _aLópez, Sergio,
_ecolaboración
_985305
700 1 _aGarcía, Alberto,
_ecolaboración
_985306
700 1 _aSoria, Alicia,
_ecolaboración
_985307
700 1 _aRodríguez, Eduardo,
_ecolaboración
_985308
700 1 _aAlcántara, Enmanuel Francisco,
_eedición
_985309
700 1 _aPeña Ortiz, Enmanuel,
_ecorrección
_973248
700 1 _aFeliz, Juan Pablo,
_eilustraciones
_985341
700 1 _aFung, Wi-Hen,
_eilustraciones
_973248
700 1 _aDoyague, Luis,
_eilustraciones
_985343
700 1 _aOvejero, Ángel,
_eilustraciones
_985348
910 _aBTavárez
942 _2ddc
_cLBS1
999 _c56548
_d56548